banner-ar

ACTES DU COLLOQUE : COOPERATION CEE - MAGHREB / (Record no. 15606)

MARC details
000 -الفاتح
حقل البيانات ثابتة الطول 00624nam a2200229Ia 4500
005 - وقت وتاريخ اخر تعامل مع التسجيلة
رقم الضبط 20240530100238.0
008 - عناصر البيانات ثابتة الطول - معلومات عامة
حقل البيانات ثابتة الطول 140319s9999 xx 000 0 eng d
040 ## - مصدر الفهرسة
وكالة الفهرسة الأصلية GCL /
وكالة النسخ GCL
082 04 - رقم تصنيف ديوى العشرى
رقم التصنيف 302.14
رقم المادة N A
100 1# - المدخل الرئيسى - إسم شخصى
الإسم الشخصى MUSTAPHA K. NABLI
245 10 - بيان العنوان
العنوان ACTES DU COLLOQUE : COOPERATION CEE - MAGHREB /
بيان المسئوليه,etc MUSTAPHA K. NABLI
260 ## - PUBLICATION, DISTRIBUTION, ETC. (IMPRINT)
تاريخ النشر أو التوزيع 1981
300 ## - الوصف المادى
التعداد 396 P
650 04 - المدخل الاضافى بالموضوع-مصطلح موضوعى
مصطلح موضوعي COOPERATION
650 04 - المدخل الاضافى بالموضوع-مصطلح موضوعى
مصطلح موضوعي NABLI, MUSTAPHA K
650 04 - المدخل الاضافى بالموضوع-مصطلح موضوعى
مصطلح موضوعي CHARFI, M
650 04 - المدخل الاضافى بالموضوع-مصطلح موضوعى
مصطلح موضوعي SOCIAL PARTICIPATION
700 1# - المدخل الاضافى - اسم شخصى
الإسم الشخصى NABIL, MUSTAPHA K
700 1# - المدخل الاضافى - اسم شخصى
الإسم الشخصى CHARFI, M
942 ## - عناصر المدخل الإضافي( كوها)
مصدر التصنيف او مخطط الترفيف Dewey Decimal Classification
Koha [default] item type كتاب
260 ## - PUBLICATION, DISTRIBUTION, ETC. (IMPRINT)
-- [S.N] :
-- IMPRIMERIE NATIONALE EDITIONS ،
Holdings
حالة التراجع حالة الفقد حالة تلف ليس للاعارة المكان المؤقت الموقع الحالى تاريخ الاكتساب اجمالي اﻻعارات رقم الطلب الباركود تاريخ اخر مشاهدة تاريخ تفعيل السعر نوع وعاء كوها
        مكتبة القاهرة الكبرى مكتبة القاهرة الكبرى 03/26/2014   302.14\N A 28838 03/26/2014 03/26/2014 كتاب

Powered By

EGPV